Príprava aplikácie projektu Solventnosť II v poisťovniach

Definovanie základných pojmov v súvislosti s projektom Solventnosť II. Vývoj a udalosti ktoré smerovali k tomuto projektu a vývoj na požiadavky solventnosti. Charakteristika základných čŕt Solventnosti I a základné výpočty pri kalkulácii minimálnych kapitálových položiek. Etapy z histórie Solventno...

Descripción completa

Guardado en:
Detalles Bibliográficos
Autor principal: Majtánová, Anna
Otros Autores: Baláž, Peter
Formato: Capítulo de libro
Lenguaje:eslovaco
Materias:
Etiquetas: Agregar Etiqueta
Sin Etiquetas, Sea el primero en etiquetar este registro!

MARC

LEADER 00000nla$a2200000$$$4500
001 0130239
005 20240502072506.3
041 0 |a slo 
044 |a SK 
245 1 0 |a Príprava aplikácie projektu Solventnosť II v poisťovniach  |c Anna Majtánová, Peter Baláž 
520 |a Definovanie základných pojmov v súvislosti s projektom Solventnosť II. Vývoj a udalosti ktoré smerovali k tomuto projektu a vývoj na požiadavky solventnosti. Charakteristika základných čŕt Solventnosti I a základné výpočty pri kalkulácii minimálnych kapitálových položiek. Etapy z histórie Solventnosti II a proces implementácie. Trojpilierový systém, jeho charakteristika. Systém riadenia solventnosti vo Veľkej Británii, v Spojených štátoch a vo Švajčiarsku. 
610 2 0 |a poisťovníctvo 
610 2 0 |a trh poistný 
610 2 0 |a Európska únia 
610 2 0 |a USA 
610 2 0 |a Švajčiarsko 
610 2 0 |a Veľká Británia 
610 2 0 |a náklady 
610 2 0 |a bankovníctvo 
610 2 0 |a harmonizácia 
610 2 0 |a riadenie rizík 
610 2 0 |a riziko poistné 
100 1 |a Majtánová, Anna 
700 1 |a Baláž, Peter